000 00729nam a2200253Ia 4500
001 22067
005 20260320113339.0
008 260320s9999||||xx |||||||||||||| ||und||
020 _a9788417703134
041 _aESP
082 _a109
_bP645
100 _aPiñero Moral, Ricardo,
_eAUT
245 0 _aEl bosque de los filósofos
_b
246 _a
_5
_b
260 _aMadrid :
_bEl Buey Mudo,
_c2024
300 _a204 páginas :
_b
_c21 cm.
_e
440 _a
_n
_v
650 _aFIP
653 _aFilosofía - Historia
654 _aCHU
700 _a
_c
856 _uhttps://0u20fpmt2-y-https-research-ebsco-com.itmsp.museknowledge.com/c/qxo6us/search
_zVéase además: Base de datos EBSCOhost
942 _cLIB
_dJUS
_fMAT
_2ddc
_n
999 _c22067
_d22067